Phân tích các nhân tố ảnh hưởng đến quyết định cho vay tài trợ xuất nhập khẩu của các ngân hàng thương mại đối với doanh nghiệp ở thành phố Cần Thơ : Luận văn Thạc sĩ. Ngành Tài chính - ngân hàng

Phân tích các nhân tố ảnh hưởng đến quyết định cho vay tài trợ xuất nhập khẩu của các ngân hàng thương mại đối với doanh nghiệp ở thành phố Cần Thơ; dựa vào đó đề xuất các giải pháp giúp doanh nghiệp có thêm khả năng tiếp cận với c...

Cur síos iomlán

Đã lưu trong:
Sonraí Bibleagrafaíochta
Príomhúdar: Lê, Minh Hiếu
Formáid: Leabhar
Teanga:Undetermined
Foilsithe: Cần Thơ Trường Đại học Cần Thơ 2016
Ábhair:
Clibeanna: Cuir Clib Leis
Gan Chlibeanna, Bí ar an gcéad duine leis an taifead seo a chlibeáil!
Thư viện lưu trữ: Trung tâm Học liệu Trường Đại học Cần Thơ
LEADER 01446nam a2200217Ia 4500
001 CTU_213480
008 210402s9999 xx 000 0 und d
082 |a 332.12 
082 |b H309 
088 |a 60340201 
100 |a Lê, Minh Hiếu 
245 0 |a Phân tích các nhân tố ảnh hưởng đến quyết định cho vay tài trợ xuất nhập khẩu của các ngân hàng thương mại đối với doanh nghiệp ở thành phố Cần Thơ : 
245 0 |b Luận văn Thạc sĩ. Ngành Tài chính - ngân hàng 
245 0 |c Lê Minh Hiếu ; Trương Đông Lộc ( hướng dẫn) 
260 |a Cần Thơ 
260 |b Trường Đại học Cần Thơ 
260 |c 2016 
520 |a Phân tích các nhân tố ảnh hưởng đến quyết định cho vay tài trợ xuất nhập khẩu của các ngân hàng thương mại đối với doanh nghiệp ở thành phố Cần Thơ; dựa vào đó đề xuất các giải pháp giúp doanh nghiệp có thêm khả năng tiếp cận với các nguồn vốn cho vay tài trợ xuất nhập khẩu từ các ngân hàng thương mại 
650 |a Ngân hàng và các hoạt động ngân hàng,Banks and banking 
904 |i Nguyên 
980 |a Trung tâm Học liệu Trường Đại học Cần Thơ